[Event "SR 3. liga A2 2008/2009"]
[Site "?"]
[Date "2009.03.29"]
[Round "11.2"]
[White "Klanica, Anton"]
[Black "Kovarik, Oto"]
[Result "0-1"]
[WhiteElo "1956"]
[BlackElo "2052"]
[PlyCount "135"]
[EventDate "2008.??.??"]

1. e4 c5 2. Nf3 d6 3. Bb5+ Nc6 4. O-O Bd7 5. d3 e6 6. Bg5 Be7 7. Bxe7 Ngxe7 8.
Bxc6 Nxc6 9. Nbd2 O-O 10. Re1 Qc7 11. c3 Rac8 12. Rc1 Qb6 13. Nc4 Qc7 14. Qd2
b5 15. Ne3 Ne7 16. Nf1 Bc6 17. Ng3 Qb7 18. Qe2 Ng6 19. Qd1 d5 20. exd5 Bxd5 21.
a3 Rcd8 22. Ne4 Qc6 23. Qc2 c4 24. d4 f5 25. Ned2 Nf4 26. Ne5 Qb7 27. f3 g5 28.
Nf1 Qg7 29. Qd2 h6 30. Ne3 Bb7 31. Rc2 Ng6 32. Nxg6 Qxg6 33. Qf2 h5 34. Nf1 f4
35. Rce2 Bd5 36. Re5 Rf5 37. Qc2 Rdf8 38. Rxf5 Rxf5 39. Re5 Kf7 40. Rxf5+ exf5
41. Qd2 Qd6 42. Qe1 g4 43. Nd2 a6 44. Kf1 Qf6 45. Qf2 Kg6 46. Qe1 Qd6 47. Qe8+
Kg5 48. Qe1 Qe6 49. Qxe6 Bxe6 50. Kf2 Bd5 51. Nf1 h4 52. Nd2 g3+ 53. Kg1 Kf6
54. h3 Ke6 55. Kf1 Kd6 56. Ke1 Kc6 57. Ke2 Kb6 58. Kd1 Ka5 59. Ke2 Ka4 60. Kd1
a5 61. Kc2 b4 62. axb4 axb4 63. Kd1 bxc3 64. bxc3 Ka3 65. Kc2 Ka2 66. Kc1 Bc6
67. Nb1 Bxf3 68. Nd2 0-1

[Event "SR 3. liga A2 2008/2009"]
[Site "?"]
[Date "2009.03.29"]
[Round "11.3"]
[White "Sefcik, Marek"]
[Black "Hagara, Vladimir"]
[Result "1-0"]
[WhiteElo "1997"]
[BlackElo "1969"]
[PlyCount "136"]
[EventDate "2008.??.??"]

1. e4 c5 2. g3 Nc6 3. Bg2 g6 4. d3 Bg7 5. Nc3 d6 6. f4 e6 7. Nf3 Nge7 8. O-O
O-O 9. Qe1 Nd4 10. Nxd4 cxd4 11. Ne2 e5 12. c4 a5 13. b4 axb4 14. Qxb4 Nc6 15.
Qb2 Qc7 16. Bd2 Bd7 17. Rfb1 Rfb8 18. Qb6 Qc8 19. a4 Ra6 20. Qb3 Bf8 21. Rb2
Nd8 22. a5 Bc6 23. Nc1 Ne6 24. Qd1 Nc5 25. Qe2 Rba8 26. Nb3 f6 27. Nxc5 dxc5
28. Rf1 Qd7 29. f5 g5 30. h4 h6 31. hxg5 hxg5 32. Kf2 Qf7 33. Rh1 Bg7 34. Bf3
Qe7 35. Bh5 Be8 36. Bxe8 Rxe8 37. Rhb1 Ra7 38. Rb6 Rc8 39. Re6 Qf7 40. Rbb6 Re8
41. Red6 Rc8 42. Qd1 Qe8 43. Re6 Qf7 44. g4 Re8 45. Red6 Rc8 46. Kf3 Qe8 47.
Qb3 Rc7 48. Re6 Qf7 49. Qb5 Rc8 50. Rbd6 Qf8 51. Qd7 Rca8 52. Rb6 Rd8 53. Qb5
Rb8 54. Rbd6 Rc8 55. Be1 Kh8 56. Qb6 Ra6 57. Qxb7 Rxd6 58. Rxd6 Rb8 59. Qc7 Rc8
60. Qd7 Kg8 61. Rb6 Rb8 62. Qe6+ Kh7 63. Rxb8 Qxb8 64. Qb6 Qe8 65. Qb5 Qc8 66.
a6 Kg8 67. a7 Bf8 68. Qb8 Qd7 1-0

[Event "SR 3. liga A2 2008/2009"]
[Site "?"]
[Date "2009.03.29"]
[Round "11.4"]
[White "Bahna, Jan"]
[Black "Bilovsky, Milan"]
[Result "0-1"]
[WhiteElo "1935"]
[BlackElo "1911"]
[PlyCount "88"]
[EventDate "2008.??.??"]

1. e4 c5 2. Nc3 Nc6 3. g3 Nf6 4. Bg2 d6 5. d3 e5 6. Nh3 Nd4 7. f3 Be7 8. O-O
O-O 9. a4 Bd7 10. Nd5 Nxd5 11. exd5 Nf5 12. Nf2 b5 13. axb5 Bxb5 14. Ne4 c4 15.
dxc4 Bxc4 16. Rf2 Qb6 17. b3 Bb5 18. Bh3 Bd7 19. Qd3 g6 20. Ra6 Qb7 21. Ra1
Nxg3 22. Nxd6 Bxd6 23. Bxd7 Qxd7 24. hxg3 Bc5 25. Be3 Bxe3 26. Qxe3 Qxd5 27.
Rxa7 Rxa7 28. Qxa7 Ra8 29. Qe3 Ra1+ 30. Rf1 Rxf1+ 31. Kxf1 Qd1+ 32. Kf2 Qxc2+
33. Ke1 Qb2 34. Kd1 Kg7 35. Qd3 h5 36. Qe3 Kh7 37. Qd3 Kg7 38. Qe3 Kf6 39. Qb6+
Kf5 40. b4 Qd4+ 41. Qxd4 exd4 42. f4 f6 43. b5 Ke6 44. f5+ gxf5 0-1

[Event "SR 3. liga A2 2008/2009"]
[Site "?"]
[Date "2009.03.29"]
[Round "11.5"]
[White "Jozefovic, Milan"]
[Black "Holicky, Miroslav"]
[Result "1-0"]
[WhiteElo "1894"]
[BlackElo "1872"]
[PlyCount "119"]
[EventDate "2008.??.??"]

1. e4 c5 2. Nf3 d6 3. Bc4 Nc6 4. O-O Nf6 5. h3 Nxe4 6. d3 Nf6 7. Bg5 e6 8. d4
d5 9. Bb5 Bd7 10. c3 a6 11. Ba4 Bd6 12. Bxc6 Bxc6 13. Ne5 h6 14. Bh4 g5 15. Bg3
Ne4 16. Bh2 Bxe5 17. Bxe5 Rh7 18. f3 Nf6 19. dxc5 Nd7 20. Qc2 f5 21. Bd6 Nf6
22. Re1 Kf7 23. Nd2 Qg8 24. Re2 h5 25. Rae1 Re8 26. f4 g4 27. h4 Ne4 28. Nxe4
fxe4 29. g3 Qg6 30. Re3 Bb5 31. a4 Bd3 32. Qb3 Kg8 33. Qb4 Qf6 34. Be5 Qd8 35.
Qd4 Qa5 36. Ra1 Qd8 37. Rxd3 exd3 38. Qxd3 Rh6 39. b4 Qd7 40. c4 Qc6 41. cxd5
exd5 42. Rd1 Rd8 43. Qf5 Rd7 44. Qg5+ Kh7 45. Qf5+ Kg8 46. Bd4 Qe6 47. Qg5+ Kh7
48. f5 Qe4 49. Be3 Rf6 50. Qxh5+ Kg8 51. Bf4 Qxf5 52. Qe8+ Rf8 53. Qe2 d4 54.
Bd6 Rff7 55. Rxd4 Qb1+ 56. Kg2 Qf5 57. Rxg4+ Kh7 58. Rf4 Qd5+ 59. Qe4+ Qxe4+
60. Rxe4 1-0

[Event "SR 3. liga A2 2008/2009"]
[Site "?"]
[Date "2009.03.29"]
[Round "11.6"]
[White "Herega, Jozef"]
[Black "Husek, Lubomir"]
[Result "1/2-1/2"]
[WhiteElo "1880"]
[BlackElo "1738"]
[PlyCount "77"]
[EventDate "2008.??.??"]

1. d4 d5 2. c4 e6 3. Nc3 Nf6 4. Bg5 Be7 5. Nf3 a6 6. e3 O-O 7. Bd3 dxc4 8. Bxc4
b5 9. Bd3 Bb7 10. O-O Nbd7 11. Qe2 c5 12. dxc5 Nxc5 13. Rfd1 Nxd3 14. Rxd3 Qc7
15. Bf4 Qc6 16. Qf1 Rfd8 17. Ne5 Qe8 18. Rad1 Rxd3 19. Rxd3 Rd8 20. Qd1 Nd5 21.
Nxd5 Rxd5 22. Rxd5 Bxd5 23. b3 Qc8 24. h3 Qc3 25. Nd3 Be4 26. Ne5 Bd5 27. Nd3
$11 Bf6 28. Qc1 Qxc1+ 29. Nxc1 Be4 30. f3 Bb1 31. e4 Bb2 32. a4 e5 33. Bd2 Kf8
34. axb5 axb5 35. b4 Bxc1 36. Bxc1 $11 Ke7 37. Be3 Ke6 38. g4 g6 39. g5 1/2-1/2

[Event "SR 3. liga A2 2008/2009"]
[Site "?"]
[Date "2009.03.29"]
[Round "11.7"]
[White "Hrubos, Milan"]
[Black "Babirat, Michal"]
[Result "0-1"]
[WhiteElo "1713"]
[BlackElo "1588"]
[PlyCount "54"]
[EventDate "2008.??.??"]

1. e4 c5 2. Nf3 d6 3. d4 cxd4 4. Nxd4 Nf6 5. Nc3 g6 6. Be3 Bg7 7. f3 Nc6 8. Bc4
Bd7 9. Qd2 Rc8 10. Bb3 Na5 11. O-O-O Nc4 12. Qe2 Nxe3 13. Qxe3 O-O 14. h4 h5
15. Nde2 a6 16. Kb1 b5 17. Nd5 Nxd5 18. Rxd5 a5 19. a3 Qc7 20. Rd2 Rb8 21. c3
b4 22. cxb4 axb4 23. Rc1 Qb7 24. Bd5 Qa6 25. Ka2 bxa3 26. Qxa3 Qb6 27. Rc7 Qxc7
0-1

[Event "SR 3. liga A2 2008/2009"]
[Site "?"]
[Date "2009.03.29"]
[Round "11.8"]
[White "Puskar, Peter"]
[Black "Zlamal, Marek"]
[Result "1-0"]
[WhiteElo "1552"]
[BlackElo "1488"]
[PlyCount "105"]
[EventDate "2008.??.??"]

1. e4 c5 2. Nf3 Nc6 3. d4 cxd4 4. Nxd4 e5 5. Nb3 h6 6. Nc3 Bb4 7. Be2 Nf6 8. f3
Bxc3+ 9. bxc3 d5 10. exd5 Nxd5 11. Bd2 Qh4+ 12. g3 Qd8 13. O-O O-O 14. c4 Nde7
15. c3 Bf5 16. Be3 Qc7 17. g4 Bg6 18. Qe1 f5 19. h3 f4 20. Bf2 Bf7 21. Kg2 Nd8
22. c5 Ne6 23. Bc4 Ng5 24. Bxf7+ Rxf7 25. h4 Ne6 26. c4 a5 27. a4 Nc6 28. Nd2
Rd7 29. Ne4 Rad8 30. Nd6 Nb4 31. Qxe5 Nxc5 32. Bxc5 Qxd6 33. Bxd6 Rxd6 34. Qxa5
Nc2 35. Kg1 Ne3 36. Rf2 Rf8 37. Qc5 Rff6 38. Qc8+ Kh7 39. Qxb7 Nxc4 40. Qe4+
Rg6 41. Qxc4 h5 42. g5 Rge6 43. Qxf4 Rd8 44. Qf5+ Rg6 45. Qxg6+ Kxg6 46. f4 Rd6
47. f5+ Kh7 48. f6 g6 49. f7 Rd4 50. f8=R Rd7 51. R2f7+ Rxf7 52. Rxf7+ Kg8 53.
Raf1 1-0

[Event "SR 3. liga A2 2007/2008"]
[Site "?"]
[Date "2007.10.21"]
[Round "1"]
[White "Kovacocy, Pavel"]
[Black "Hecko, Dusan"]
[Result "0-1"]
[WhiteElo "2244"]
[BlackElo "2123"]
[PlyCount "106"]
[EventDate "2007.??.??"]

1. e4 g6 2. d4 Bg7 3. Nc3 c6 4. Nf3 d5 5. h3 dxe4 6. Nxe4 Nd7 7. Bd3 Ngf6 8.
Nxf6+ Nxf6 9. O-O O-O 10. c4 Re8 11. Re1 Qc7 12. Bg5 Be6 13. Qc2 Rad8 14. Rad1
Qc8 15. b3 Bf5 16. Bxf5 Qxf5 17. Qxf5 gxf5 18. Rd3 Ne4 19. Red1 Rd7 20. d5 Red8
21. Bf4 cxd5 22. Rxd5 Rxd5 23. Rxd5 Rxd5 24. cxd5 Nc3 25. d6 exd6 26. Bxd6 Nxa2
27. Nh4 Nc1 28. b4 f4 29. Kf1 b5 30. Nf5 Bf8 31. Ne7+ Kg7 32. Ke1 Nb3 33. Ke2
a5 34. bxa5 Nxa5 35. Kd3 Bxe7 36. Bxe7 Nc6 37. Bd6 f3 38. gxf3 Kf6 39. f4 Ke6
40. Ba3 f5 41. h4 h5 42. Bc1 Kd5 43. Be3 b4 44. f3 Nd8 45. Bd2 Nc6 46. Be3 b3
47. Kc3 Nd4 48. Bf2 Nxf3 49. Kxb3 Ke4 50. Bg3 Nd4+ 51. Kc4 Ne2 52. Be1 Nxf4 53.
Kc5 Nd3+ 0-1

[Event "SR 3. liga A2 2007/2008"]
[Site "?"]
[Date "2007.10.21"]
[Round "1"]
[White "Diviak, Rastislav"]
[Black "Cechovic, Stefan"]
[Result "0-1"]
[WhiteElo "2014"]
[BlackElo "2164"]
[PlyCount "52"]
[EventDate "2007.??.??"]

1. e4 c6 2. d4 d5 3. Nc3 dxe4 4. Nxe4 Nf6 5. Nxf6+ exf6 6. Nf3 Bg4 7. Be2 Bd6
8. h3 Bh5 9. O-O O-O 10. c4 Nd7 11. Be3 Re8 12. Nh4 Bxe2 13. Qxe2 g6 14. Qf3 f5
15. g3 Re4 16. Rad1 Qf6 17. Ng2 Rae8 18. Rd2 g5 19. Rfd1 f4 20. gxf4 gxf4 21.
Bxf4 Bxf4 22. Rd3 Bb8 23. Qh5 Qg6 24. Qa5 Kh8 25. Qc3 Rg8 26. d5+ Be5 0-1

[Event "SR 3. liga A2 2007/2008"]
[Site "?"]
[Date "2007.10.21"]
[Round "1"]
[White "Sarmir, Milos"]
[Black "Hanzluvka, Peter"]
[Result "1-0"]
[WhiteElo "2112"]
[BlackElo "2052"]
[PlyCount "103"]
[EventDate "2007.??.??"]

1. e4 c5 2. Nf3 d6 3. d4 cxd4 4. Nxd4 Nf6 5. Nc3 a6 6. Be2 e5 7. Nf3 Be6 8. O-O
Be7 9. h3 h6 10. Be3 O-O 11. Qd2 Nbd7 12. Rad1 Rc8 13. Nh2 Nb6 14. Ng4 Nxg4 15.
hxg4 Bc4 16. b3 Be6 17. Nb1 Nd7 18. c4 Nf6 19. f3 Qc7 20. Qe1 Rfd8 21. Qf2 Nd7
22. Nc3 Bg5 23. Bxg5 hxg5 24. Nd5 Bxd5 25. Rxd5 Nc5 26. g3 Ne6 27. Bd3 Kf8 28.
Qd2 Qe7 29. Kg2 g6 30. Bb1 Kg7 31. Rd1 Nd4 32. Qe3 Qf6 33. f4 gxf4 34. gxf4 Qh4
35. Qh3 Qxh3+ 36. Kxh3 f6 37. g5 Kf7 38. Rf1 Ne6 39. fxe5 Nxg5+ 40. Kg4 dxe5
41. Rxe5 Ne6 42. Rd5 Rxd5 43. cxd5 Ng7 44. e5 f5+ 45. Kg5 Ne8 46. Rh1 Rc3 47.
Rh7+ Ng7 48. e6+ Kg8 49. Rh6 Rg3+ 50. Kf6 Ne8+ 51. Ke7 Kg7 52. Kxe8 1-0

[Event "SR 3. liga A2 2007/2008"]
[Site "?"]
[Date "2007.10.21"]
[Round "1"]
[White "Karlik, L."]
[Black "Liptak, Tomas"]
[Result "1/2-1/2"]
[WhiteElo "1899"]
[BlackElo "1987"]
[PlyCount "150"]
[EventDate "2007.??.??"]

1. d4 Nf6 2. c4 g6 3. Nc3 Bg7 4. e4 d6 5. Bd3 O-O 6. Nge2 e5 7. d5 Na6 8. O-O
Nc5 9. Bc2 a5 10. f3 Ne8 11. Be3 f5 12. a3 Nf6 13. b4 Na6 14. Rb1 f4 15. Bf2
Nd7 16. Na4 g5 17. c5 dxc5 18. bxc5 Rf6 19. c6 bxc6 20. dxc6 Rd6 21. Bb3+ Kh8
22. Qc2 Nf8 23. Rfd1 Qf6 24. Rxd6 Qxd6 25. Rd1 Qe7 26. Nc5 Nxc5 27. Bxc5 Qf6
28. Nc3 Qxc6 29. Bxf8 Bxf8 30. Bd5 Qc5+ 31. Kh1 Rb8 32. Qd3 Bd6 33. Bc4 Bd7 34.
h3 Qxa3 35. Ba2 Bc6 36. Qc4 Qc5 37. Qe6 Rf8 38. Qh6 Be7 39. Nd5 Bb5 40. Qe6 Bd6
41. Nf6 Be7 42. Ng8 Bd6 43. Nh6 Be8 44. Nf5 Qc2 45. Rxd6 cxd6 46. Qe7 Rxf5 47.
Qxe8+ Kg7 48. Qg8+ Kh6 49. exf5 Qxf5 50. Qd5 Kh5 51. Qxd6 Kh4 52. Kh2 h5 53.
Qd2 g4 54. Qd8+ Qg5 55. Qxg5+ Kxg5 56. hxg4 hxg4 57. Kg1 gxf3 58. gxf3 a4 59.
Kf2 Kh4 60. Be6 a3 61. Ba2 Kh3 62. Be6+ Kh4 63. Ba2 Kg5 64. Ke2 Kf5 65. Bb1+
Kf6 66. Ba2 Kg5 67. Kd2 Kh4 68. Be6 Kg3 69. Ke2 Kh4 70. Kd3 Kg3 71. Ke4 Kf2 72.
Bd5 Kg2 73. Kxe5 a2 74. Bxa2 Kxf3 75. Bd5+ Ke3 1/2-1/2

[Event "SR 3. liga A2 2007/2008"]
[Site "?"]
[Date "2007.10.21"]
[Round "1"]
[White "Vlkovic, Pavol"]
[Black "Danada, Ondrej"]
[Result "1/2-1/2"]
[WhiteElo "1930"]
[BlackElo "1752"]
[PlyCount "88"]
[EventDate "2007.??.??"]

1. e4 c6 2. d4 d5 3. Nc3 dxe4 4. Nxe4 Bf5 5. Ng3 Bg6 6. Bc4 e6 7. N1e2 Nd7 8.
O-O Bd6 9. Nf4 Qh4 10. Ngh5 Ngf6 11. g3 Bxh5 12. gxh4 Bxd1 13. Rxd1 e5 14. dxe5
Bxe5 15. Nd3 Bd6 16. Re1+ Be7 17. Bf4 Nb6 18. Bb3 Nfd5 19. Bd6 Rd8 20. Bc5 Rd7
21. c4 Nc7 22. Nf4 Kd8 23. Bxe7+ Rxe7 24. Rad1+ Rd7 25. Rxd7+ Kxd7 26. Rd1+ Ke7
27. c5 Nd7 28. Re1+ Kf6 29. Nd3 Na6 30. Rc1 Re8 31. Rc4 Re7 32. Rf4+ Kg6 33.
Rg4+ Kf6 34. Rf4+ Kg6 35. Rc4 Ne5 36. Nxe5+ Rxe5 37. Bc2+ Kf6 38. b4 h6 39.
Rf4+ Ke7 40. Bb3 f6 41. Rg4 Kf8 42. Rc4 Nc7 43. a4 Ne6 44. Kg2 Ke7 $11 1/2-1/2

[Event "SR 3. liga A2 2007/2008"]
[Site "?"]
[Date "2007.10.21"]
[Round "1"]
[White "Skapik, Branislav"]
[Black "Liptak, Dusan"]
[Result "1-0"]
[WhiteElo "1797"]
[BlackElo "1729"]
[PlyCount "77"]
[EventDate "2007.??.??"]

1. e4 e6 2. d4 d5 3. Nd2 c5 4. c3 Nc6 5. Bb5 Qb6 6. exd5 exd5 7. Qe2+ Be6 8.
Ndf3 Be7 9. Be3 O-O-O 10. Bxc6 bxc6 11. dxc5 Bxc5 12. Bxc5 Qxc5 13. Nd4 Re8 14.
Qa6+ Kc7 15. Nge2 Nf6 16. O-O Ne4 17. Nf4 Qb6 18. Qd3 Qxb2 19. Rab1 Qxc3 20.
Nb5+ cxb5 21. Rbc1 Qxc1 22. Rxc1+ Kb6 23. Nxd5+ Bxd5 24. Qxd5 Rc8 25. Re1 Nc5
26. h3 Rc7 27. Qd4 f6 28. Rb1 a6 29. a4 Rd7 30. a5+ Kc6 31. Qg4 Re8 32. Rc1 Re5
33. f4 Red5 34. Qe6+ R5d6 35. Qe8 Rd5 36. Qc8+ Kd6 37. Qb8+ Ke7 38. Re1+ Ne6
39. Qg8 1-0

[Event "SR 3. liga A2 2007/2008"]
[Site "?"]
[Date "2007.10.21"]
[Round "1"]
[White "Hornak, Pavol"]
[Black "Fedor, Miroslav"]
[Result "0-1"]
[WhiteElo "1619"]
[BlackElo "1800"]
[PlyCount "102"]
[EventDate "2007.??.??"]

1. d4 d5 2. c4 e6 3. Nc3 Nf6 4. e3 Nbd7 5. Nf3 Be7 6. Qc2 O-O 7. Bd3 c6 8. O-O
g6 9. Re1 Re8 10. Bd2 Bf8 11. Rac1 e5 12. dxe5 Nxe5 13. Nxe5 Rxe5 14. f4 Re8
15. cxd5 Nxd5 16. Bc4 Be6 17. Nxd5 Bxd5 18. Bxd5 Qxd5 19. a3 Rad8 20. Rcd1 Qe4
21. Qxe4 Rxe4 22. Kf2 Bc5 23. Bc1 Rxd1 24. Rxd1 Rxf4+ 25. Ke2 Re4 26. b4 Bb6
27. Rd7 Rc4 28. Kd2 Bxe3+ 29. Kxe3 Rxc1 30. Rxb7 Rc3+ 31. Kd4 Rxa3 32. Kc5 a5
33. Kxc6 axb4 34. Rxb4 Ra2 35. Rg4 Rd2 36. Kc5 f5 37. Rg3 Kf7 38. Kc4 Kf6 39.
Kc3 Ra2 40. Kd4 h5 41. Ke3 h4 42. Rf3 Rxg2 43. h3 Ra2 44. Kd4 Ra4+ 45. Kd5 Re4
46. Ra3 Kg5 47. Rf3 Re1 48. Kd4 Rg1 49. Ke3 Rg3 50. Rxg3+ hxg3 51. Kf3 f4 0-1

[Event "SR 3. liga A2 2007/2008"]
[Site "?"]
[Date "2007.10.21"]
[Round "1"]
[White "Pericka, Pavol"]
[Black "Olos, Stanislav"]
[Result "1-0"]
[WhiteElo "1718"]
[BlackElo "1565"]
[PlyCount "51"]
[EventDate "2007.??.??"]

1. e4 e5 2. Nf3 Nf6 3. Bc4 Bc5 4. Nxe5 O-O 5. d3 d5 6. exd5 Bd4 7. Nf3 Re8+ 8.
Kf1 Bb6 9. Bg5 h6 10. Bxf6 Qxf6 11. c3 Bg4 12. Nbd2 Nd7 13. d4 c5 14. dxc6 bxc6
15. h3 Bh5 16. g3 c5 17. g4 Bg6 18. d5 Re7 19. Kg2 Rae8 20. Bb5 Qd6 21. Nc4 Qf4
22. d6 Re4 23. Bxd7 f5 24. Bxe8 fxg4 25. Bxg6 Rxc4 26. Qd5+ 1-0

[Event "SR 3. liga A2 2007/2008"]
[Site "?"]
[Date "2007.10.14"]
[Round "1"]
[White "Ivan, Imrich ml"]
[Black "Sekera, Branislav"]
[Result "1-0"]
[WhiteElo "2012"]
[BlackElo "2129"]
[PlyCount "113"]
[EventDate "2007.??.??"]

1. Nf3 Nf6 2. d4 d5 3. c4 e6 4. Nc3 Be7 5. cxd5 exd5 6. Bf4 c6 7. e3 O-O 8. h3
Re8 9. Bd3 Nbd7 10. O-O Nf8 11. Qc2 Ng6 12. Bh2 Bd6 13. Bf5 Bxf5 14. Qxf5 Qc7
15. Bxd6 Qxd6 16. a3 Rad8 17. Rac1 Re6 18. Ng5 Re7 19. Nf3 Rde8 20. Rfd1 h6 21.
Qd3 Ne4 22. Nd2 Ng5 23. Ne2 Qf6 24. Ng3 Nh4 25. Rf1 g6 26. Rce1 Qd6 27. f4 Nh7
28. Nf3 Nxf3+ 29. gxf3 Qf6 30. b4 a6 31. Kh2 Kh8 32. Rg1 Nf8 33. f5 Nd7 34.
fxg6 fxg6 35. Rg2 Rg8 36. Reg1 Rgg7 37. e4 Qf4 38. e5 Nf8 39. Kh1 Ne6 40. Ne2
Qh4 41. f4 Ref7 42. Rg4 Qh5 43. Kh2 Qf5 44. Qd2 h5 45. Ng3 hxg4 46. Nxf5 gxf5
47. hxg4 Rh7+ 48. Kg3 fxg4 49. Rf1 Ng5 50. fxg5 Rxf1 51. Kxg4 Rhf7 52. Qh2+ Kg8
53. e6 R7f3 54. Kh5 Re3 55. Qd6 Kg7 56. Qe7+ Kg8 57. Kg6 1-0

[Event "SR 3. liga A2 2007/2008"]
[Site "?"]
[Date "2007.10.14"]
[Round "1"]
[White "Lopatievov, Alexander"]
[Black "Csefalvay, Stefan"]
[Result "1/2-1/2"]
[WhiteElo "1904"]
[BlackElo "1948"]
[PlyCount "63"]
[EventDate "2007.??.??"]

1. b4 e5 2. Bb2 d6 3. e3 Nf6 4. h3 Be7 5. c4 b6 6. d4 e4 7. d5 O-O 8. Nc3 a5 9.
b5 Re8 10. Nge2 Bf5 11. Nd4 Bg6 12. Be2 Nbd7 13. Nc6 Qc8 14. g4 h6 15. Na4 Bf8
16. h4 Ne5 17. Bxe5 dxe5 18. a3 Nd7 19. g5 Bf5 20. Rg1 g6 21. Bg4 Nc5 22. Nxc5
Bxc5 23. Bxf5 Qxf5 24. Qg4 h5 25. Qxf5 gxf5 26. a4 Kg7 27. Ke2 f4 28. Raf1 f3+
29. Kd2 Kg6 30. Rg3 Bd6 31. Rfg1 Rg8 32. Ke1 1/2-1/2

[Event "SR 3. liga A2 2007/2008"]
[Site "?"]
[Date "2007.10.14"]
[Round "1"]
[White "Vizvari, Ludovit"]
[Black "Mackovic, Miroslav"]
[Result "0-1"]
[WhiteElo "2050"]
[BlackElo "2033"]
[PlyCount "84"]
[EventDate "2007.??.??"]

1. d4 g6 2. c4 Bg7 3. Nf3 Nf6 4. Nc3 d6 5. e4 O-O 6. Be2 Nfd7 7. O-O c5 8. Be3
cxd4 9. Nxd4 Nc6 10. Re1 Nf6 11. h3 Nxd4 12. Bxd4 b6 13. Qd2 Bb7 14. Bf1 Rc8
15. f3 Ba6 16. b3 Bb7 17. Rad1 Qe8 18. Nb5 a6 19. Nc3 Nd7 20. Bxg7 Kxg7 21. f4
f6 22. Qd4 Rf7 23. Na4 Rc6 24. b4 e5 25. Qd5 exf4 26. b5 axb5 27. cxb5 Rc7 28.
Qxd6 Qe5 29. Nxb6 Qxd6 30. Rxd6 Ne5 31. a4 Rc5 32. a5 f3 33. Rd2 fxg2 34. Kxg2
f5 35. a6 Bxe4+ 36. Rxe4 fxe4 37. Na4 Rc1 38. Be2 e3 39. Rb2 Rf2+ 40. Kg3 Rg1+
41. Kh4 Rf4+ 42. Bg4 Nf3# 0-1

[Event "SR 3. liga A2 2007/2008"]
[Site "?"]
[Date "2007.10.14"]
[Round "1"]
[White "Zarecky, Eduard"]
[Black "Ivan, Imrich st"]
[Result "1-0"]
[WhiteElo "1906"]
[BlackElo "1870"]
[PlyCount "119"]
[EventDate "2007.??.??"]

1. d4 e6 2. c4 d5 3. Nc3 Nf6 4. Nf3 b6 5. g3 Bb7 6. cxd5 Nxd5 7. Bg2 Nxc3 8.
bxc3 Be7 9. O-O O-O 10. Qc2 Nd7 11. Bb2 c5 12. Rad1 Qc7 13. Ba3 Rfe8 14. Qb1
Bf6 15. Bb2 Rac8 16. Qd3 cxd4 17. cxd4 Qc2 18. Qd2 Qa4 19. Rc1 a5 20. Bc3 Rc7
21. Qf4 Rec8 22. Bd2 Rxc1 23. Rxc1 Rxc1+ 24. Bxc1 Qd1+ 25. Bf1 Bxf3 26. exf3
Qxd4 27. Qc7 h6 28. Be3 Qd1 29. f4 a4 30. Qc8+ Kh7 31. Qc4 g6 32. Kg2 Qd5+ 33.
f3 Qxc4 34. Bxc4 a3 35. Kf2 Kg7 36. Ke2 Kf8 37. f5 exf5 38. Bxh6+ Kg8 39. Be3
Be7 40. Bf4 Bc5 41. Kd3 Kf8 42. Bb5 Ke7 43. Kc4 f6 44. Kd5 g5 45. Bc7 Bf2 46.
Bd6+ Kd8 47. Ke6 Nc5+ 48. Kxf5 Bd4 49. h4 gxh4 50. gxh4 Nb7 51. Bxa3 Nc5 52. h5
Ke7 53. Bc4 Kf8 54. h6 Be3 55. f4 Bd4 56. Bb4 Bb2 57. Be1 Nb7 58. Bb4+ Nc5 59.
Bd5 Bd4 60. Be1 1-0

[Event "SR 3. liga A2 2007/2008"]
[Site "?"]
[Date "2007.10.14"]
[Round "1"]
[White "Korosi, Gejza"]
[Black "Lukac, Tomas"]
[Result "1/2-1/2"]
[WhiteElo "1534"]
[BlackElo "1819"]
[PlyCount "94"]
[EventDate "2007.??.??"]

1. e4 c5 2. c4 Nc6 3. Nf3 e6 4. Nc3 d6 5. a3 Nf6 6. d3 Be7 7. Be2 a6 8. O-O O-O
9. Bf4 Bd7 10. Re1 Rc8 11. h3 Nd4 12. Bf1 e5 13. Bg3 Ne8 14. Nd5 f5 15. Nxd4
cxd4 16. exf5 Bxf5 17. Nxe7+ Qxe7 18. Be2 Nc7 19. Bf3 Ne6 20. Bd5 Kh8 21. b4
Qg5 22. Be4 Rc7 23. Bxf5 Qxf5 24. c5 Nf4 25. Bxf4 Qxf4 26. Qc2 dxc5 27. bxc5
Rfc8 28. Qb3 Rf8 29. f3 Qg3 30. Qd5 Rcf7 31. Rf1 h5 32. Rae1 Rf5 33. Qxb7 Rg5
34. Rf2 Qxh3 35. Rxe5 Rff5 36. Rxf5 Qxf5 37. Qa8+ Kh7 38. Qe4 Qxe4 39. fxe4
Rxc5 40. Rf5 Rc3 41. Ra5 Rxd3 42. Rxa6 Re3 43. Rd6 Rxe4 44. Kf2 Kg8 45. Rd5 Kf7
46. a4 d3 47. a5 Ra4 1/2-1/2

[Event "SR 3. liga A2 2007/2008"]
[Site "?"]
[Date "2007.10.14"]
[Round "1"]
[White "Gajarsky, Julius"]
[Black "Bogi, Timea"]
[Result "0-1"]
[WhiteElo "1820"]
[BlackElo "1516"]
[PlyCount "78"]
[EventDate "2007.??.??"]

1. d4 d5 2. c4 e6 3. Nc3 Nf6 4. Nf3 h6 5. e3 Nc6 6. a3 Be7 7. Bd3 O-O 8. O-O b6
9. b3 dxc4 10. bxc4 Ba6 11. Qa4 Na5 12. Ne5 c5 13. Ne2 Qc7 14. Bb2 Bd6 15. Nf3
cxd4 16. Nexd4 e5 17. Nb5 Bxb5 18. cxb5 Rfe8 19. Rac1 Qe7 20. e4 Nb7 21. Rc3
Nc5 22. Qc2 Qb7 23. Nd2 Red8 24. f3 Rac8 25. Qb1 Na4 26. Rxc8 Qxc8 27. Nc4 Nxb2
28. Nxb2 Bxa3 29. Rc1 Qd7 30. Bf1 Qd4+ 31. Kh1 Qxb2 32. Qxb2 Bxb2 33. Rb1 Rd2
34. h3 Nh5 35. Kh2 Nf4 36. Kh1 Ne2 37. Bxe2 Rxe2 38. Rd1 Bd4 39. Rc1 Rb2 0-1

[Event "SR 3. liga A2 2007/2008"]
[Site "?"]
[Date "2007.10.14"]
[Round "1"]
[White "Bogi, Peter"]
[Black "Kozinka, Jan"]
[Result "0-1"]
[WhiteElo "1553"]
[BlackElo "1766"]
[PlyCount "72"]
[EventDate "2007.??.??"]

1. e4 e5 2. Nf3 Nc6 3. Bc4 Be7 4. O-O d6 5. h3 Nf6 6. d3 h6 7. Nc3 a6 8. Be3
Na5 9. Bb3 c5 10. Nd5 Nxb3 11. Nxf6+ Bxf6 12. axb3 Be6 13. Qd2 O-O 14. b4 c4
15. dxc4 Bxc4 16. Rfd1 Be7 17. c3 Qc7 18. Qc2 Rac8 19. Nd2 Be6 20. f4 f5 21.
fxe5 dxe5 22. exf5 Bxf5 23. Qb3+ Kh8 24. Rf1 Qc6 25. Qd1 Qg6 26. Kh1 Rcd8 27.
Qe2 Bf6 28. Qf2 Bd3 29. Rfd1 e4 30. Nb3 Bxc3 31. Qh4 Bxb2 32. Ra2 Bf6 33. Qe1
Bc4 34. Rb1 Rd3 35. Ra3 Bc3 36. Nc5 Bxe1 0-1

[Event "SR 3. liga A2 2007/2008"]
[Site "?"]
[Date "2007.10.14"]
[Round "1"]
[White "Petko, Severin"]
[Black "Szabo, Julius"]
[Result "1/2-1/2"]
[WhiteElo "1563"]
[BlackElo "1350"]
[PlyCount "59"]
[EventDate "2007.??.??"]

1. d4 d5 2. c4 c6 3. Nc3 Nf6 4. Nf3 Bf5 5. cxd5 cxd5 6. Qb3 b6 7. Bg5 e6 8. e3
Nbd7 9. Bb5 Be7 10. Ne5 O-O 11. Nxd7 Nxd7 12. Bxe7 Qxe7 13. Bxd7 Qxd7 14. O-O
Rab8 15. Rac1 a6 16. Qa4 Qxa4 17. Nxa4 b5 18. Nc5 Ra8 19. Rfd1 Rfe8 20. b4 e5
21. dxe5 Rxe5 22. Nb7 Ra7 23. Nc5 h6 24. Rc3 a5 25. a3 axb4 26. axb4 Re8 27. h3
Be6 28. Rdc1 Ra2 29. R3c2 Rxc2 30. Rxc2 1/2-1/2

[Event "SR 3. liga A2 2007/2008"]
[Site "?"]
[Date "2007.10.14"]
[Round "1"]
[White "Meszaros, Lorant"]
[Black "Horak, Ivan"]
[Result "1/2-1/2"]
[WhiteElo "2103"]
[BlackElo "2140"]
[PlyCount "46"]
[EventDate "2007.??.??"]

1. d4 d5 2. c4 c6 3. Nc3 Nf6 4. Nf3 e6 5. e3 Nbd7 6. Rb1 a6 7. c5 b5 8. b4 Be7
9. Bd3 Qc7 10. Bb2 O-O 11. Qc2 Re8 12. O-O Nf8 13. Ne5 N6d7 14. f4 f6 15. Nxd7
Bxd7 16. e4 a5 17. a3 axb4 18. axb4 g6 19. e5 f5 20. Qe2 Ra7 21. g4 Rea8 22. g5
Bd8 23. Ra1 Rxa1 1/2-1/2

[Event "SR 3. liga A2 2007/2008"]
[Site "?"]
[Date "2007.10.14"]
[Round "1"]
[White "Kovarik, Oto"]
[Black "Szitasi, Janos"]
[Result "1/2-1/2"]
[WhiteElo "2054"]
[BlackElo "1987"]
[PlyCount "46"]
[EventDate "2007.??.??"]

1. e4 c5 2. Nf3 d6 3. d4 cxd4 4. Nxd4 Nf6 5. Nc3 a6 6. Be2 Bd7 7. O-O g6 8. Be3
Bg7 9. a4 Nc6 10. f3 O-O 11. Nd5 Rb8 12. c4 e6 13. Nc3 Qc7 14. Qd2 Rfd8 15.
Rac1 Be8 16. Na2 Nxd4 17. Bxd4 Bxa4 18. Qb4 Qd7 19. Bb6 Rdc8 20. Nc3 Bc6 21.
Rfd1 Bf8 22. Qa5 Qe7 23. Bf1 Nd7 1/2-1/2

[Event "SR 3. liga A2 2007/2008"]
[Site "?"]
[Date "2007.10.14"]
[Round "1"]
[White "Ollos, Ladislav"]
[Black "Sefcik, Marek"]
[Result "0-1"]
[WhiteElo "1995"]
[BlackElo "1955"]
[PlyCount "28"]
[EventDate "2007.??.??"]

1. e4 Nc6 2. d4 d5 3. exd5 Qxd5 4. Nf3 e5 5. dxe5 Qxd1+ 6. Kxd1 Bg4 7. Be2
O-O-O+ 8. Bd2 Bxf3 9. Bxf3 Nxe5 10. Be2 Nf6 11. f4 Neg4 12. Ke1 Bc5 13. Nc3
Bf2+ 14. Kd1 Be3 0-1